书目信息 |
| 题名: |
文艺复兴欧洲艺术
|
|
| 作者: | ;严摩罕 , 姚岳山 , 平野 译 ;苏联艺术科学院美术理论与美术史研究所 编 | |
| 分册: | 下 | |
| 出版信息: | 北京 人民美术出版社 1985 |
|
| 页数: | 385-692页 | |
| 开本: | 20cm | |
| 丛书名: | ||
| 单 册: | ||
| 中图分类: | J110.93 | |
| 科图分类: | ||
| 主题词: | 文艺复兴-艺术史--欧洲 , 艺术史-文艺复兴--欧洲 , 艺术--世界 , 美术--世界 | |
| 电子资源: | ||
| ISBN: | ||
| 000 | 00994nam0 2200313 45 | |
| 001 | 0185007799 | |
| 005 | 20040513081311.9 | |
| 010 | @dCNY5.45 | |
| 091 | @a8027.8851 | |
| 100 | @a19930901g1985 em y0chiy0121 ea | |
| 101 | 1 | @achi@crus |
| 102 | @aCN@b110000 | |
| 105 | @aa z 000yy | |
| 106 | @ar | |
| 200 | 10 | @a文艺复兴欧洲艺术@Awen yi fu xing ou zhou yi shu@h下@f苏联艺术科学院美术理论与美术史研究所编@g严摩罕等译 |
| 210 | @a北京@c人民美术出版社@d1985 | |
| 215 | @a385-692页@c图@d20cm | |
| 606 | @a文艺复兴-艺术史@y欧洲 | |
| 606 | @a艺术史-文艺复兴@y欧洲 | |
| 606 | 0 | @a艺术@x世界 |
| 606 | 0 | @a美术@x世界 |
| 690 | @aJ110.93 | |
| 702 | 0 | @a严摩罕@Ayan mo han@4译 |
| 702 | 0 | @a姚岳山@Ayao yue shan@4译 |
| 702 | 0 | @a平野@Aping ye@4译 |
| 711 | 02 | @a苏联艺术科学院美术理论与美术史研究所@Asu lian yi shu ke xue yuan mei shu li lun yu mei shu shi yan jiu suo@4编 |
| 801 | 0 | @aCN@b深圳图书馆@c20040513 |
| 801 | 2 | @aCN@bNLC@c20040513 |
| 905 | @f2@b148718-719@dJ110.93@e8:2 | |
| 文艺复兴欧洲艺术.下/苏联艺术科学院美术理论与美术史研究所编/严摩罕等译.-北京:人民美术出版社,1985 |
| 385-692页:图;20cm |
| ISBN :CNY5.45 |
| ● |
| 相关链接 |
|
|
|
|
正题名:文艺复兴欧洲艺术
索取号:J110.93/8:2
 
预约/预借
| 序号 | 登录号 | 条形码 | 馆藏地/架位号 | 状态 | 备注 |
| 1 | 0148718 | 001239671 | 第一借阅区/ [索取号:J110.93/8:2] | 在馆 | |
| 2 | 0148719 | 001239724 | 第一借阅区/ [索取号:J110.93/8:2] | 在馆 | |
| 3 | 0148720 | 202118797 | 第一样本阅览室/ [索取号:J110.93/8:2] | 在馆 |